000 00573nam a2200193 4500
001 107615
003 ES-MaACL
005 20250806085410.0
007 t|
008 061121s1945 sp r ||||1| spa d
100 1 _aMosca, Lidio G.
_983739
245 1 0 _aAnuario argentino de medicina y cirugía prácticas /
_cLidio G. Mosca.
260 _aBuenos Aires :
_bMundi,
_c1945.
300 _a461 p. :
_bil. ;
_c24 cm.
650 7 _aPráctica médica
_2embne
_9156012
650 0 7 _aCirugía
_2embne
_911050
852 _aES-MaACL
_jE-1102
999 _c107615
_d107615